000 00551nam a2200241Ia 4500
003 20180611140809.0
005 20180611141005.0
008 170918s9999 xx 000 0 und d
020 _a9780545484367
050 _bN831 2013
100 _aNorwich, Grace
245 _aI am Harriet Tubman /
245 _cby Grace Norwich.
260 _aNew York :
260 _bScholastic,
260 _c2013
300 _a127 pages :
300 _billustration ;
300 _c19cm.
440 _aI am.
500 _a1060
942 _2ddc
_cBK
999 _c344365
_d344365